Migraciones, sujetos y leyes /
Guardado en:
| Hovedforfatter: | |
|---|---|
| Format: | Texto |
| Fag: | |
| Tags: |
Tilføj Tag
Ingen Tags, Vær først til at tagge denne postø!
|
MARC
| LEADER | 00000 a a2200000 04500 | ||
|---|---|---|---|
| 001 | 11927 | ||
| 003 | |||
| 040 | |||
| 100 | |a Brisson, Maryse | ||
| 245 | |a Migraciones, sujetos y leyes / |c Maryse Brisson | ||
| 650 | |a MIGRACION | ||
| 650 | |a LEGISLACION | ||
| 650 | |a MANO DE OBRA | ||
| 650 | |a MERCADO | ||
| 650 | |a ECONOMIA | ||
| 650 | |a CULTURA | ||
| 650 | |a RECURSOS HUMANOS | ||
| 773 | |g número 79; páginas 3-11 | ||
| 999 | |c 22133 |d 22133 | ||
| 773 | 0 | |0 41641 |9 2557 |a Departamento Ecuménico de Investigaciones (DEI) |d San José, Costa Rica Departamento Ecuménico de Investigaciones (DEI) |o 20151 |t Pasos / | |
